Normal view
MARC view
Entry Personal Name
001 - CONTROL NUMBER
- control field: 245776
003 - CONTROL NUMBER IDENTIFIER
- control field: OSt
005 - DATE AND TIME OF LATEST TRANSACTION
- control field: 20251117094245.0
008 - FIXED-LENGTH DATA ELEMENTS
- fixed length control field: 251117|| aca||aabn | a|a d
040 ## - CATALOGING SOURCE
- Original cataloging agency: OSt
- Transcribing agency: OSt
100 ## - HEADING--PERSONAL NAME
- Personal name: ARATI VENKATESH
- Dates associated with a name: ಆರತಿ ವೆಂಕಟೇಶ್
670 ## - SOURCE DATA FOUND
- Source citation: Work cat.: (OSt)134403: ARATI VENKATESH ಆರತಿ ವೆಂಕಟೇಶ್ , Karmugila tare mattu samanantara rekegalu, 2004